[Event "Jean-Pierre Roy mem A"]
[Site "Gatineau CAN"]
[Date "2001.09.11"]
[Round "1"]
[White "Gagnon, Fabien"]
[Black "Trottier, Stephane"]
[Result "1/2-1/2"]
[WhiteElo "2126"]
[BlackElo "1885"]
[PlyCount "79"]
[GameId "2160767911485294"]
[EventDate "2001.09.11"]
[EventType "tourn"]
[EventRounds "5"]
[EventCountry "CAN"]

1. c4 e5 2. g3 Nf6 3. Bg2 g6 4. Nc3 Bg7 5. e4 d6 6. Nge2 Bg4 7. f3 Be6 8. d3 Qd7 9. Be3 Bh3 10. O-O O-O 11. Qd2 Re8 12. b4 Bxg2 13. Kxg2 c6 14. Bg5 Na6 15. Rab1 Nc7 16. f4 exf4 17. Nxf4 Ng4 18. Nfe2 h6 19. Bf4 g5 20. Be3 Nxe3+ 21. Qxe3 d5 22. Qf3 dxc4 23. dxc4 Qe6 24. b5 Qxc4 25. bxc6 b6 26. Rbc1 Qe6 27. Rc2 Rad8 28. a4 Re7 29. Rfc1 a6 30. Nd5 Nxd5 31. exd5 Rxd5 32. c7 Rc5 33. c8=Q+ Qxc8 34. Rxc5 bxc5 35. Nc3 g4 36. Qd5 Rd7 37. Qe4 Qb7 38. Qxb7 Rxb7 39. Ne2 Rb2 40. Kf1 1/2-1/2

[Event "Jean-Pierre Roy mem A"]
[Site "Gatineau CAN"]
[Date "2001.09.11"]
[Round "1"]
[White "Groleau, Gilles"]
[Black "Laurin, Jacques"]
[Result "1-0"]
[WhiteElo "2115"]
[BlackElo "1914"]
[PlyCount "37"]
[GameId "2160767911485295"]
[EventDate "2001.09.11"]
[EventType "tourn"]
[EventRounds "5"]
[EventCountry "CAN"]
[SourceTitle "EXT 2005"]
[Source "ChessBase"]
[SourceDate "2004.11.15"]
[SourceVersion "1"]
[SourceVersionDate "2004.11.15"]
[SourceQuality "1"]

1. e4 d6 2. d4 Nf6 3. Nc3 g6 4. Nf3 Bg7 5. Be2 c6 6. O-O O-O 7. h3 Nfd7 8. Be3 e5 9. dxe5 Nxe5 10. Qd2 Re8 11. Rad1 Bf8 12. Nxe5 Rxe5 13. Bf4 Re6 14. Bc4 Re8 15. Bxd6 Bxd6 16. Qxd6 Qxd6 17. Rxd6 b5 18. Bb3 b4 19. Nd5 1-0

[Event "Jean-Pierre Roy mem A"]
[Site "Gatineau CAN"]
[Date "2001.09.18"]
[Round "2"]
[White "Gagnon, Fabien"]
[Black "Arsenault, Michel"]
[Result "1/2-1/2"]
[WhiteElo "2126"]
[BlackElo "2088"]
[PlyCount "66"]
[GameId "2160767911485296"]
[EventDate "2001.09.11"]
[EventType "tourn"]
[EventRounds "5"]
[EventCountry "CAN"]

1. d4 Nf6 2. Nf3 e6 3. c4 b6 4. e3 Bb7 5. Bd3 Be7 6. O-O O-O 7. Nc3 d5 8. cxd5 exd5 9. b3 Nbd7 10. Bb2 c5 11. Rc1 Rc8 12. dxc5 bxc5 13. Na4 Bd6 14. Rc2 Qe7 15. Qa1 g6 16. Be2 Ne4 17. Nc3 f5 18. Rd1 Ndf6 19. Rd3 c4 20. bxc4 dxc4 21. Rd4 Nxf2 22. Rxd6 Qxd6 23. Nb5 Qb6 24. Nbd4 Nd3 25. Bc3 Be4 26. Rd2 Rb8 27. h3 Nd5 28. Ne5 Nxe3 29. Bxd3 Bxd3 30. Kh2 Qd6 31. Ndf3 Rb1 32. Qxb1 Qxe5+ 33. Bxe5 Bxb1 1/2-1/2

[Event "Jean-Pierre Roy mem A"]
[Site "Gatineau CAN"]
[Date "2001.09.18"]
[Round "2"]
[White "Rose, Richard"]
[Black "Groleau, Gilles"]
[Result "0-1"]
[WhiteElo "1832"]
[BlackElo "2115"]
[PlyCount "58"]
[GameId "2160767911485297"]
[EventDate "2001.09.11"]
[EventType "tourn"]
[EventRounds "5"]
[EventCountry "CAN"]

1. e4 c5 2. Nf3 e6 3. d4 cxd4 4. Nxd4 Nf6 5. Bd3 Nc6 6. Nxc6 bxc6 7. c4 d5 8. cxd5 cxd5 9. exd5 Nxd5 10. Bb5+ Bd7 11. Qa4 a6 12. Bxd7+ Qxd7 13. Qxd7+ Kxd7 14. Nc3 Bb4 15. Bd2 Bxc3 16. Bxc3 Nxc3 17. bxc3 Rab8 18. Kd2 Rb2+ 19. Ke3 Rhb8 20. Rhd1+ Kc6 21. Rd3 R8b5 22. Rd8 Re5+ 23. Kd4 Rf5 24. Rd1 Rfxf2 25. Kc4 Rf4+ 26. Kd3 Rf5 27. c4 Rxg2 28. Kc3 Rf3+ 29. Kb4 Rb2+ 0-1

[Event "Jean-Pierre Roy mem A"]
[Site "Gatineau CAN"]
[Date "2001.09.18"]
[Round "2"]
[White "Trottier, Stephane"]
[Black "Laurin, Jacques"]
[Result "1-0"]
[WhiteElo "1885"]
[BlackElo "1914"]
[PlyCount "41"]
[GameId "2160767911485298"]
[EventDate "2001.09.11"]
[EventType "tourn"]
[EventRounds "5"]
[EventCountry "CAN"]
[SourceTitle "EXT 2005"]
[Source "ChessBase"]
[SourceDate "2004.11.15"]
[SourceVersion "1"]
[SourceVersionDate "2004.11.15"]
[SourceQuality "1"]

1. Nf3 d6 2. g3 Nf6 3. Bg2 g6 4. d3 Bg7 5. e4 Bg4 6. Nbd2 Nc6 7. h3 Bd7 8. O-O Qc8 9. Kh2 Nh5 10. c3 f5 11. exf5 Bxf5 12. g4 Bxg4 13. hxg4 Nf4 14. Ne4 Nxg2 15. Kxg2 Qxg4+ 16. Ng3 h5 17. Ng5 Qd7 18. Qb3 Rf8 19. Ne6 Rf7 20. Ne4 d5 21. Qxd5 1-0

[Event "Jean-Pierre Roy mem A"]
[Site "Gatineau CAN"]
[Date "2001.09.25"]
[Round "3"]
[White "Arsenault, Michel"]
[Black "Trottier, Stephane"]
[Result "1-0"]
[WhiteElo "2088"]
[BlackElo "1885"]
[PlyCount "60"]
[GameId "2160767911485299"]
[EventDate "2001.09.11"]
[EventType "tourn"]
[EventRounds "5"]
[EventCountry "CAN"]
[SourceTitle "EXT 2005"]
[Source "ChessBase"]
[SourceDate "2004.11.15"]
[SourceVersion "1"]
[SourceVersionDate "2004.11.15"]
[SourceQuality "1"]

1. c4 e5 2. g3 Nf6 3. Bg2 d5 4. cxd5 Nxd5 5. Nc3 Nb6 6. Nf3 Nc6 7. a3 Be7 8. O-O O-O 9. d3 Be6 10. b4 a5 11. b5 Nd4 12. Nd2 Nd5 13. Bxd5 Bxd5 14. e3 Be6 15. exd4 Qxd4 16. Nde4 Bh3 17. Re1 f5 18. Be3 Qd8 19. Qb3+ Kh8 20. Qe6 Re8 21. Nd2 Bd6 22. Qd5 f4 23. gxf4 Re6 24. Kh1 Rg6 25. Rg1 exf4 26. Rxg6 hxg6 27. Bd4 Qe7 28. Qe4 Qf7 29. Qf3 Qf5 30. Rg1 Re8 1-0

[Event "Jean-Pierre Roy mem A"]
[Site "Gatineau CAN"]
[Date "2001.09.25"]
[Round "3"]
[White "Groleau, Gilles"]
[Black "Gagnon, Fabien"]
[Result "1/2-1/2"]
[WhiteElo "2115"]
[BlackElo "2126"]
[PlyCount "90"]
[GameId "2160767911485300"]
[EventDate "2001.09.11"]
[EventType "tourn"]
[EventRounds "5"]
[EventCountry "CAN"]
[SourceTitle "EXT 2005"]
[Source "ChessBase"]
[SourceDate "2004.11.15"]
[SourceVersion "1"]
[SourceVersionDate "2004.11.15"]
[SourceQuality "1"]

1. e4 e6 2. d4 d5 3. exd5 exd5 4. Bd3 Bd6 5. Nf3 Bg4 6. O-O Nd7 7. Re1+ Ne7 8. c3 c6 9. Bg5 f6 10. Bh4 Qc7 11. Bg3 Bxg3 12. hxg3 Nf8 13. Nbd2 O-O-O 14. b4 h5 15. a4 h4 16. gxh4 Rxh4 17. Qb3 Rh6 18. b5 Nfg6 19. bxc6 Nxc6 20. Bxg6 Rxg6 21. Re3 Rh6 22. Rae1 Qd7 23. c4 Rdh8 24. Kf1 Rh1+ 25. Ng1 Nxd4 26. Qc3 Be2+ 27. R1xe2 Nxe2 28. Rxe2 d4 29. Qb3 Qd6 30. Ndf3 R1h5 31. Rd2 Ra5 32. Rxd4 Qc6 33. g3 Rxa4 34. Ne2 Ra1+ 35. Kg2 g5 36. c5 a6 37. Rd6 Qxc5 38. Qe6+ Kb8 39. Qxf6 Re8 40. Rd8+ Rxd8 41. Qxd8+ Ka7 42. Nxg5 a5 43. Ne4 Qc4 44. N2c3 Ra3 45. Qg5 Ka6 1/2-1/2

[Event "Jean-Pierre Roy mem A"]
[Site "Gatineau CAN"]
[Date "2001.09.25"]
[Round "3"]
[White "Laurin, Jacques"]
[Black "Rose, Richard"]
[Result "1-0"]
[WhiteElo "1914"]
[BlackElo "1832"]
[PlyCount "73"]
[GameId "2160767911485301"]
[EventDate "2001.09.11"]
[EventType "tourn"]
[EventRounds "5"]
[EventCountry "CAN"]
[SourceTitle "EXT 2005"]
[Source "ChessBase"]
[SourceDate "2004.11.15"]
[SourceVersion "1"]
[SourceVersionDate "2004.11.15"]
[SourceQuality "1"]

1. c4 c5 2. Nc3 Nf6 3. g3 b6 4. Bg2 Nc6 5. e3 e6 6. d4 cxd4 7. exd4 d5 8. Nge2 Bb7 9. cxd5 Nxd5 10. Nxd5 exd5 11. O-O Be7 12. Nf4 Nb4 13. a3 Na6 14. Qa4+ Kf8 15. Bd2 h5 16. Rfe1 Bf6 17. Rac1 g5 18. Nd3 h4 19. Ne5 Bxe5 20. Rxe5 hxg3 21. fxg3 f6 22. Rf1 Kg7 23. Ref5 Rh7 24. Bxg5 fxg5 25. Rf7+ Kg8 26. Rxh7 Kxh7 27. Qc2+ Kh8 28. Rf7 Qg8 29. Rxb7 Rc8 30. Rh7+ Qxh7 31. Qxc8+ Kg7 32. Qxa6 Qb1+ 33. Bf1 Qxb2 34. Qb7+ Kf8 35. Qxd5 Qxa3 36. Qxg5 a5 37. Qf6+ 1-0

[Event "Jean-Pierre Roy mem A"]
[Site "Gatineau CAN"]
[Date "2001.10.02"]
[Round "4"]
[White "Arsenault, Michel"]
[Black "Groleau, Gilles"]
[Result "1/2-1/2"]
[WhiteElo "2088"]
[BlackElo "2115"]
[PlyCount "107"]
[GameId "2160767911485302"]
[EventDate "2001.09.11"]
[EventType "tourn"]
[EventRounds "5"]
[EventCountry "CAN"]
[SourceTitle "EXT 2005"]
[Source "ChessBase"]
[SourceDate "2004.11.15"]
[SourceVersion "1"]
[SourceVersionDate "2004.11.15"]
[SourceQuality "1"]

1. c4 c5 2. g3 Nf6 3. Bg2 e6 4. Nf3 Nc6 5. O-O b6 6. d3 Bb7 7. e4 d6 8. Nc3 Be7 9. b3 O-O 10. Bb2 a6 11. d4 cxd4 12. Nxd4 Qc7 13. Nc2 Rac8 14. Qe2 Rfd8 15. Rad1 Nb8 16. Kh1 b5 17. f4 bxc4 18. f5 exf5 19. Rxf5 cxb3 20. Ne3 Nbd7 21. Rdf1 Rf8 22. axb3 Rce8 23. Ng4 Bd8 24. Nxf6+ Nxf6 25. Rxf6 gxf6 26. Rxf6 Re5 27. Rf1 Re6 28. Bh3 Rg6 29. Bf5 Qe7 30. Qd3 Bc7 31. Bxg6 hxg6 32. Nd5 Bxd5 33. Qxd5 Re8 34. Rf4 Qe6 35. Qg5 d5 36. Rh4 Be5 37. Bxe5 Qxe5 38. Qxe5 Rxe5 39. exd5 Rxd5 40. Ra4 a5 41. b4 axb4 42. Rxb4 Rd2 43. h4 Kg7 44. Rb5 Kh6 45. Ra5 f5 46. Ra4 Kh5 47. Rb4 Re2 48. Rf4 Re4 49. g4+ Kh6 50. Rxe4 fxe4 51. Kg2 Kg7 52. Kf2 Kf6 53. Ke3 Ke5 54. h5 1/2-1/2

[Event "Jean-Pierre Roy mem A"]
[Site "Gatineau CAN"]
[Date "2001.10.09"]
[Round "5"]
[White "Groleau, Gilles"]
[Black "Trottier, Stephane"]
[Result "1-0"]
[WhiteElo "2115"]
[BlackElo "1885"]
[PlyCount "69"]
[GameId "2160767911485305"]
[EventDate "2001.09.11"]
[EventType "tourn"]
[EventRounds "5"]
[EventCountry "CAN"]
[SourceTitle "EXT 2005"]
[Source "ChessBase"]
[SourceDate "2004.11.15"]
[SourceVersion "1"]
[SourceVersionDate "2004.11.15"]
[SourceQuality "1"]

1. e4 d5 2. exd5 Nf6 3. d4 Bg4 4. Nf3 Qxd5 5. Be2 e6 6. O-O Nc6 7. c3 O-O-O 8. Qb3 Bd6 9. Qxd5 exd5 10. Bg5 Rde8 11. Bd1 Re6 12. Nbd2 h6 13. Bh4 Rhe8 14. Bg3 Bxg3 15. hxg3 Bf5 16. Ba4 Bd3 17. Rfe1 b5 18. Bb3 Na5 19. Rxe6 Rxe6 20. Re1 Rxe1+ 21. Nxe1 Nxb3 22. Nxb3 Bc4 23. Nc1 b4 24. cxb4 Ne4 25. Ned3 f6 26. g4 Nd6 27. Nc5 Kd8 28. b3 Bb5 29. Ne6+ Ke7 30. Nxg7 Kf7 31. Nh5 Bd7 32. f3 f5 33. gxf5 Bxf5 34. Nf4 Be6 35. Kf2 1-0

[Event "Jean-Pierre Roy mem A"]
[Site "Gatineau CAN"]
[Date "2001.10.09"]
[Round "5"]
[White "Laurin, Jacques"]
[Black "Arsenault, Michel"]
[Result "0-1"]
[WhiteElo "1914"]
[BlackElo "2088"]
[PlyCount "66"]
[GameId "2160767911485306"]
[EventDate "2001.09.11"]
[EventType "tourn"]
[EventRounds "5"]
[EventCountry "CAN"]
[SourceTitle "EXT 2005"]
[Source "ChessBase"]
[SourceDate "2004.11.15"]
[SourceVersion "1"]
[SourceVersionDate "2004.11.15"]
[SourceQuality "1"]

1. c4 e5 2. Nc3 Nf6 3. Nf3 Nc6 4. g3 d5 5. cxd5 Nxd5 6. Bg2 Nb6 7. d3 Be7 8. Be3 O-O 9. O-O Be6 10. Rc1 f5 11. Nb5 a6 12. Nxe5 axb5 13. Bxb6 cxb6 14. Rxc6 bxc6 15. Nxc6 Qd6 16. Nxe7+ Qxe7 17. Bxa8 Rxa8 18. a3 b4 19. Qb1 b3 20. Re1 Rc8 21. e4 Rc2 22. Qd1 fxe4 23. Rxe4 Qc5 24. Qf3 Rc1+ 25. Kg2 Qd5 26. h3 h6 27. Kh2 Kh7 28. Qe3 Rc6 29. Re5 Qd7 30. Qe4+ Kh8 31. d4 Bg8 32. d5 Rc5 33. Qb4 Rxd5 0-1

[Event "Jean-Pierre Roy mem A"]
[Site "Gatineau CAN"]
[Date "2001.10.09"]
[Round "5"]
[White "Rose, Richard"]
[Black "Gagnon, Fabien"]
[Result "0-1"]
[WhiteElo "1832"]
[BlackElo "2126"]
[PlyCount "58"]
[GameId "2160767911485307"]
[EventDate "2001.09.11"]
[EventType "tourn"]
[EventRounds "5"]
[EventCountry "CAN"]
[SourceTitle "EXT 2005"]
[Source "ChessBase"]
[SourceDate "2004.11.15"]
[SourceVersion "1"]
[SourceVersionDate "2004.11.15"]
[SourceQuality "1"]

1. e4 c5 2. Nf3 e6 3. d4 cxd4 4. Nxd4 a6 5. c4 Nf6 6. Bd3 d6 7. Nc3 Be7 8. O-O O-O 9. Kh1 b6 10. f4 Bb7 11. f5 Nc6 12. Be3 Nxd4 13. Bxd4 Qc7 14. Qb3 Nd7 15. Na4 Nc5 16. Nxc5 dxc5 17. Bc3 Bd6 18. f6 g6 19. Qc2 Rfd8 20. h4 Bf8 21. e5 Qc6 22. Rf3 Rd7 23. h5 Rad8 24. Rg1 Rxd3 25. Rxd3 Qe4 26. Rgd1 Rxd3 27. Rxd3 Qh4+ 28. Rh3 Qxh3+ 29. Kg1 Qxh5 0-1

[Event "Jean-Pierre Roy mem B"]
[Site "Gatineau CAN"]
[Date "2001.09.11"]
[Round "1"]
[White "Dupont, Claude"]
[Black "Dallaire, Dominic"]
[Result "1/2-1/2"]
[WhiteElo "1316"]
[BlackElo "1606"]
[PlyCount "128"]
[GameId "2160767911485308"]
[EventDate "2001.09.11"]
[EventType "swiss"]
[EventRounds "5"]
[EventCountry "CAN"]
[SourceTitle "EXT 2005"]
[Source "ChessBase"]
[SourceDate "2004.11.15"]
[SourceVersion "1"]
[SourceVersionDate "2004.11.15"]
[SourceQuality "1"]

1. e4 c5 2. Bc4 Nc6 3. Qh5 e6 4. c3 Nf6 5. Qe2 Ne5 6. Nf3 Nxc4 7. Qxc4 d5 8. exd5 exd5 9. Qb5+ Qd7 10. Qxd7+ Bxd7 11. O-O O-O-O 12. d4 Ne4 13. Be3 f6 14. dxc5 Bxc5 15. Bxc5 Nxc5 16. Nbd2 Nd3 17. b3 Rhe8 18. Ne1 Nf4 19. Nef3 Re2 20. Rfe1 Rde8 21. Rxe2 Rxe2 22. Re1 Rxe1+ 23. Nxe1 Ne2+ 24. Kf1 Nxc3 25. a4 Kc7 26. Nc2 Nxa4 27. bxa4 Bxa4 28. Nd4 Bd7 29. Ke2 a5 30. Kd3 Kd6 31. Kc3 Kc5 32. N4b3+ Kb5 33. Kd4 a4 34. Nc1 Kc6 35. Na2 Kd6 36. Nb4 Bc6 37. Nb1 h5 38. h4 g5 39. hxg5 fxg5 40. Nc3 h4 41. f3 b5 42. Nxc6 Kxc6 43. Nxd5 a3 44. Nb4+ Kd6 45. Kc3 Ke5 46. Nd3+ Kd5 47. Kb3 Kd4 48. Nf2 Ke3 49. Nh3 b4 50. Nxg5 Kf4 51. Nh3+ Kf5 52. Ng1 Kf4 53. Ne2+ Ke3 54. f4 Ke4 55. g4 h3 56. f5 Ke5 57. Ng3 Kf6 58. Ne4+ Kg7 59. f6+ Kf7 60. g5 h2 61. Ng3 Kf8 62. g6 Kg8 63. f7+ Kf8 64. Ka2 Kg7 1/2-1/2

[Event "Jean-Pierre Roy mem B"]
[Site "Gatineau CAN"]
[Date "2001.09.11"]
[Round "1"]
[White "Thomann, Olivier"]
[Black "Menard, Marc"]
[Result "1-0"]
[WhiteElo "1848"]
[BlackElo "1599"]
[PlyCount "43"]
[GameId "2160767911485309"]
[EventDate "2001.09.11"]
[EventType "swiss"]
[EventRounds "5"]
[EventCountry "CAN"]

1. e4 e5 2. Nf3 Nc6 3. Bb5 a6 4. Ba4 b5 5. Bb3 Nf6 6. O-O Bc5 7. d3 O-O 8. c3 Ne7 9. Nxe5 d5 10. exd5 Nexd5 11. d4 Bb6 12. Bg5 Bb7 13. Nd2 c5 14. dxc5 Bxc5 15. Ne4 Be7 16. Nxf6+ Nxf6 17. Qxd8 Raxd8 18. Rad1 h6 19. Bh4 g5 20. Bg3 Ne4 21. Ng6 Rfe8 22. Nxe7+ 1-0

[Event "Jean-Pierre Roy mem B"]
[Site "Gatineau CAN"]
[Date "2001.09.25"]
[Round "3"]
[White "Menard, Marc"]
[Black "Fex, John"]
[Result "1/2-1/2"]
[WhiteElo "1599"]
[BlackElo "1413"]
[PlyCount "84"]
[GameId "2160767911485311"]
[EventDate "2001.09.11"]
[EventType "swiss"]
[EventRounds "5"]
[EventCountry "CAN"]
[SourceTitle "EXT 2005"]
[Source "ChessBase"]
[SourceDate "2004.11.15"]
[SourceVersion "1"]
[SourceVersionDate "2004.11.15"]
[SourceQuality "1"]

1. e4 d5 2. e5 c5 3. c3 Nc6 4. Bb5 Bd7 5. d4 e6 6. Bxc6 Bxc6 7. Nf3 Ne7 8. Bg5 Qc7 9. O-O Ng6 10. a4 cxd4 11. cxd4 Bb4 12. Nbd2 O-O 13. Nh4 Rac8 14. Nxg6 hxg6 15. Bf4 b5 16. Qb3 a5 17. axb5 Bxb5 18. Rfe1 Qb6 19. Be3 Rc7 20. Rec1 Rfc8 21. Rxc7 Rxc7 22. Nf3 Rc4 23. h3 a4 24. Qd1 Ba5 25. Ng5 Be8 26. Rb1 Rb4 27. Qd2 Rb3 28. Qc2 Qc7 29. Qc5 Qxc5 30. dxc5 Bc6 31. Bd4 a3 32. Ra1 Bd2 33. h4 Bxg5 34. hxg5 axb2 35. Rb1 Kf8 36. Rxb2 Rxb2 37. Bxb2 Ke8 38. f4 Kd7 39. Kf2 Bb5 40. Ke3 Bf1 41. g3 Kc6 42. Kd4 Kb5 1/2-1/2

[Event "Jean-Pierre Roy mem B"]
[Site "Gatineau CAN"]
[Date "2001.09.25"]
[Round "3"]
[White "Thibault, Mario"]
[Black "Dupont, Claude"]
[Result "0-1"]
[WhiteElo "1692"]
[BlackElo "1316"]
[PlyCount "65"]
[GameId "2160767911485312"]
[EventDate "2001.09.11"]
[EventType "swiss"]
[EventRounds "5"]
[EventCountry "CAN"]
[SourceTitle "EXT 2005"]
[Source "ChessBase"]
[SourceDate "2004.11.15"]
[SourceVersion "1"]
[SourceVersionDate "2004.11.15"]
[SourceQuality "1"]

1. f4 d5 2. b3 Nf6 3. Bb2 e6 4. e3 Be7 5. Nf3 Nc6 6. Be2 O-O 7. O-O a6 8. c4 dxc4 9. bxc4 Na7 10. Nc3 c5 11. Ne5 Bd6 12. Bf3 Bxe5 13. fxe5 Nd7 14. d4 Rb8 15. Ne4 b5 16. Nd6 bxc4 17. Nxc4 Bb7 18. Rb1 Bxf3 19. Qxf3 cxd4 20. Ba3 Rxb1 21. Rxb1 dxe3 22. Bxf8 Kxf8 23. Qxe3 Nc6 24. Qa3+ Kg8 25. Qd6 Ncb8 26. Rb7 Qe8 27. Rc7 Qf8 28. Qd4 g6 29. Nb6 Nxb6 30. Qxb6 Qe8 31. Qc5 Kg7 32. Rc8 Qa4 33. Qf8# 0-1

[Event "Jean-Pierre Roy mem B"]
[Site "Gatineau CAN"]
[Date "2001.10.02"]
[Round "4"]
[White "Brousseau, Yvan"]
[Black "Thomann, Olivier"]
[Result "1-0"]
[WhiteElo "1714"]
[BlackElo "1848"]
[PlyCount "71"]
[GameId "2160767911485313"]
[EventDate "2001.09.11"]
[EventType "swiss"]
[EventRounds "5"]
[EventCountry "CAN"]
[SourceTitle "EXT 2005"]
[Source "ChessBase"]
[SourceDate "2004.11.15"]
[SourceVersion "1"]
[SourceVersionDate "2004.11.15"]
[SourceQuality "1"]

1. d4 d5 2. c4 e6 3. Nc3 Nf6 4. Bg5 c6 5. Nf3 Be7 6. e3 dxc4 7. Bxc4 Nd5 8. Bxe7 Qxe7 9. O-O Nd7 10. e4 Nxc3 11. bxc3 Nf6 12. Re1 O-O 13. Qc2 b5 14. Bb3 c5 15. e5 Nd5 16. Qd2 c4 17. Bc2 Bb7 18. Ng5 h6 19. Ne4 b4 20. cxb4 Nxb4 21. Nd6 Nxc2 22. Qxc2 Bd5 23. Re3 Rfd8 24. Rg3 Rxd6 25. exd6 Qxd6 26. Qd2 Kf8 27. Qc2 Kg8 28. Qe2 Qf4 29. Rg4 Qf5 30. Rg3 Rb8 31. h3 Qe4 32. Qd2 Kf8 33. Re1 Qf5 34. Kh2 Be4 35. Rb3 Qd5 36. Qf4 1-0

[Event "Jean-Pierre Roy mem B"]
[Site "Gatineau CAN"]
[Date "2001.10.09"]
[Round "5"]
[White "Brousseau, Yvan"]
[Black "Duquette, Patrick"]
[Result "0-1"]
[WhiteElo "1714"]
[BlackElo "1861"]
[PlyCount "74"]
[GameId "2160767911485314"]
[EventDate "2001.09.11"]
[EventType "swiss"]
[EventRounds "5"]
[EventCountry "CAN"]
[SourceTitle "EXT 2005"]
[Source "ChessBase"]
[SourceDate "2004.11.15"]
[SourceVersion "1"]
[SourceVersionDate "2004.11.15"]
[SourceQuality "1"]

1. d4 Nf6 2. c4 g6 3. Nc3 Bg7 4. e4 d6 5. g3 O-O 6. Bg2 e5 7. dxe5 dxe5 8. Qxd8 Rxd8 9. Bg5 c6 10. Nf3 Re8 11. O-O Nbd7 12. b4 Nf8 13. Rad1 Ne6 14. Be3 Nd7 15. c5 Ndf8 16. Nd2 Nd4 17. Nc4 Nfe6 18. Nd6 Rd8 19. Rd2 b6 20. Na4 bxc5 21. Nxc8 Raxc8 22. Nxc5 Nxc5 23. bxc5 Bf8 24. Bg5 f6 25. Be3 Bxc5 26. Rb2 Rb8 27. Rfb1 Rxb2 28. Rxb2 Bb6 29. Kf1 Kf7 30. f4 c5 31. fxe5 fxe5 32. Rf2+ Kg8 33. Bh6 c4 34. Ke1 Ba5+ 35. Bd2 Nc2+ 36. Kd1 Ne3+ 37. Kc1 Bxd2+ 0-1

[Event "Jean-Pierre Roy mem B"]
[Site "Gatineau CAN"]
[Date "2001.10.09"]
[Round "5"]
[White "Dallaire, Dominic"]
[Black "Scantland, Patrick"]
[Result "1-0"]
[WhiteElo "1606"]
[BlackElo "1614"]
[PlyCount "73"]
[GameId "2160767911485315"]
[EventDate "2001.09.11"]
[EventType "swiss"]
[EventRounds "5"]
[EventCountry "CAN"]
[SourceTitle "EXT 2005"]
[Source "ChessBase"]
[SourceDate "2004.11.15"]
[SourceVersion "1"]
[SourceVersionDate "2004.11.15"]
[SourceQuality "1"]

1. e4 e5 2. Nf3 Nc6 3. Bb5 a6 4. Ba4 Nf6 5. O-O Be7 6. d3 b5 7. Bb3 O-O 8. a3 d6 9. Be3 Bb7 10. Nc3 Nb8 11. Nd5 Nbd7 12. Nxe7+ Qxe7 13. Nh4 g6 14. Bg5 Kg7 15. Qd2 Rfe8 16. f4 d5 17. fxe5 Qxe5 18. Nf3 Qe6 19. e5 Ng8 20. d4 c5 21. c3 f5 22. Rae1 c4 23. Bd1 Nf8 24. h4 h6 25. Bf4 Rac8 26. Rf2 Kf7 27. Bxh6 Nh7 28. Kf1 Ke7 29. Ng5 Nxg5 30. Bxg5+ Kd7 31. h5 Rf8 32. h6 Ne7 33. Bf6 Rf7 34. Bg7 Kc7 35. Ke2 a5 36. Rh1 Qa6 37. h7 1-0

[Event "Jean-Pierre Roy mem B"]
[Site "Gatineau CAN"]
[Date "2001.10.09"]
[Round "5"]
[White "Dupont, Claude"]
[Black "Arsenault, Yves"]
[Result "0-1"]
[WhiteElo "1316"]
[BlackElo "1417"]
[PlyCount "88"]
[GameId "2160767911485316"]
[EventDate "2001.09.11"]
[EventType "swiss"]
[EventRounds "5"]
[EventCountry "CAN"]
[SourceTitle "EXT 2005"]
[Source "ChessBase"]
[SourceDate "2004.11.15"]
[SourceVersion "1"]
[SourceVersionDate "2004.11.15"]
[SourceQuality "1"]

1. e4 c5 2. Bc4 e6 3. Nf3 d5 4. exd5 exd5 5. Bb5+ Bd7 6. Qe2+ Be7 7. d4 c4 8. Bxd7+ Nxd7 9. Nc3 Ngf6 10. Bg5 O-O 11. O-O Re8 12. Bxf6 Bxf6 13. Qd2 Nf8 14. Rae1 Ne6 15. Ne2 Qd6 16. c3 b5 17. b3 a5 18. bxc4 dxc4 19. Rb1 Reb8 20. Rfd1 b4 21. Kf1 b3 22. axb3 cxb3 23. Rb2 a4 24. Ra1 Qa6 25. Re1 Be7 26. Kg1 a3 27. Rbb1 a2 28. Rb2 Ba3 29. Rxa2 bxa2 30. Qxa2 Rb2 31. Qa1 Rxe2 32. g3 Rxe1+ 33. Qxe1 Qc6 34. Ne5 Qb6 35. h4 Rb8 36. Kh2 Qb1 37. Qe3 Qf5 38. d5 Bc5 39. Qe2 Nc7 40. c4 Qxf2+ 41. Qxf2 Bxf2 42. d6 Ne6 43. Nf3 Bc5 44. Ne5 Bxd6 0-1

[Event "Jean-Pierre Roy mem B"]
[Site "Gatineau CAN"]
[Date "2001.10.09"]
[Round "5"]
[White "Thibault, Mario"]
[Black "Charland, Roger"]
[Result "0-1"]
[WhiteElo "1692"]
[BlackElo "1151"]
[PlyCount "139"]
[GameId "2160767911485317"]
[EventDate "2001.09.11"]
[EventType "swiss"]
[EventRounds "5"]
[EventCountry "CAN"]
[SourceTitle "EXT 2005"]
[Source "ChessBase"]
[SourceDate "2004.11.15"]
[SourceVersion "1"]
[SourceVersionDate "2004.11.15"]
[SourceQuality "1"]

1. f4 Nf6 2. b3 Nc6 3. Nf3 e6 4. Bb2 b6 5. e3 Bb7 6. c4 Nb4 7. a3 Bxf3 8. gxf3 Nc6 9. Qc2 Nh5 10. d4 Qh4+ 11. Qf2 Be7 12. Qxh4 Bxh4+ 13. Kd2 Ne7 14. Nc3 f5 15. Nb5 Kd8 16. Nc3 Bf6 17. Ne2 Rg8 18. Ng3 g6 19. Rg1 Ng7 20. e4 fxe4 21. fxe4 Bh4 22. Bg2 d5 23. cxd5 exd5 24. e5 c6 25. Rac1 Rc8 26. Bh3 Rc7 27. Kd3 Bxg3 28. hxg3 Nef5 29. g4 Nh6 30. f5 Rf8 31. f6 Ne6 32. Rcf1 Nf7 33. g5 Nfxg5 34. Bxe6 Nxe6 35. Bc1 Rff7 36. Bd2 Rb7 37. b4 b5 38. Rc1 Kd7 39. Rh1 Rc7 40. Rce1 Kc8 41. Bh6 Kb7 42. Re3 Rcd7 43. Bg7 Rc7 44. Rxh7 Nxg7 45. Rxg7 Rxg7 46. fxg7 Rxg7 47. Rf3 g5 48. e6 Kb6 49. Rf7 Rg6 50. Rf5 Rxe6 51. Rxg5 Rh6 52. Re5 Rh1 53. Re3 Rd1+ 54. Kc3 Rc1+ 55. Kb2 Rc4 56. Rd3 a5 57. Kb3 a4+ 58. Kb2 Kc7 59. Rd2 Kd6 60. Rd3 Ke6 61. Re3+ Kf5 62. Re5+ Kf6 63. Re1 Rxd4 64. Rc1 Rc4 65. Rf1+ Ke5 66. Re1+ Re4 67. Rc1 Re2+ 68. Kb1 Kd6 69. Rc5 d4 70. Rc1 0-1

[Event "Jean-Pierre Roy mem B"]
[Site "Gatineau CAN"]
[Date "2001.10.09"]
[Round "5"]
[White "Thomann, Olivier"]
[Black "Lavergne, Daniel"]
[Result "1-0"]
[WhiteElo "1848"]
[BlackElo "1676"]
[PlyCount "53"]
[GameId "2160767911485318"]
[EventDate "2001.09.11"]
[EventType "swiss"]
[EventRounds "5"]
[EventCountry "CAN"]
[SourceTitle "EXT 2005"]
[Source "ChessBase"]
[SourceDate "2004.11.15"]
[SourceVersion "1"]
[SourceVersionDate "2004.11.15"]
[SourceQuality "1"]

1. e4 e5 2. Nf3 Nc6 3. Bb5 f5 4. exf5 e4 5. Bxc6 dxc6 6. Ne5 Nf6 7. d4 exd3 8. Nxd3 Bxf5 9. O-O Bxd3 10. cxd3 Qd7 11. Re1+ Be7 12. Qe2 Kf7 13. Be3 Rhe8 14. Nc3 Rad8 15. Rad1 Bb4 16. a3 Bxc3 17. bxc3 Qd5 18. Qb2 Qb5 19. Qc2 b6 20. d4 Qh5 21. Bf4 Nd5 22. Bg3 Kg8 23. c4 Rxe1+ 24. Rxe1 Re8 25. Rxe8+ Qxe8 26. Kf1 Qe3 27. cxd5 1-0